Rabbinic Anthology (Record no. 2341)

MARC details
000 -LEADER
fixed length control field 00582nam a2200229 a 4500
020 ## - INTERNATIONAL STANDARD BOOK NUMBER
ISBN
082 00 - DEWEY DECIMAL CLASSIFICATION NUMBER
Classification number 296.1
Author Cutter MON
100 ## - MAIN ENTRY--AUTHOR NAME
Author name Montefiore, C G
245 ## - TITLE STATEMENT
Title Rabbinic Anthology
260 ## - PUBLICATION, DISTRIBUTION, ETC. (IMPRINT)
Place of publication New York
Name of publisher World Publishing Co.,
Year of publication 1960
300 ## - PHYSICAL DESCRIPTION
Number of Pages 853p
500 ## - GENERAL NOTE
General note includes index and biblioraphy
505 2# - FORMATTED CONTENTS NOTE
Formatted contents note Notes, Dates, Biblical passages, and index
650 ## - SUBJECT ADDED ENTRY--TOPICAL TERM
Topical Term Rabbanical Literature
942 ## - ADDED ENTRY ELEMENTS (KOHA)
Koha item type Books
Holdings
Collection code Home library Current library Date acquired Cost, normal purchase price Full call number Accession Number Koha item type
  Henry Martyn Institute Library Henry Martyn Institute Library 07/27/2007 181.70 296.1 MON 02414 Books
                   Copyright © 2026 | Henry Martyn Institute | Hyderabad | TS-500052 | INDIA | Implemented by hmi.edu.in
Hit-Count:

Powered by Koha